00626nam a2200157Ia 4500008004100000020001500041020001800056050001900074100003100093245008600124260003000210300002700240490003300267505014000300650002800440120625s2002 sp 001 0 spa d a8431319828 a978843131982314aQ335bA53 20021 aAndrés, Tirso de eautor10aHomo cybersapiens b: la inteligencia artificial y la humanac/ Tirso de Andrés3 aEspañab: EUNSAc, 2002 a341 páginasc; 22 cm0 aAstrolabio: Ciencias v; 3090 gVienen los robots Las máquinas racionales Poda de soluciones Búsqueda sin término Trabajar en el mundo Forja de cybersapiens  4aINTELIGENCIA ARTIFICIAL